Problémy rizikového a rozvojového kapitálu v České republice

Rizikový a rozvojový kapitál v strednej a východnej Európe. Situácia rizikového kapitálu v Českej republike. Charakteristika trhu rizikového kapitálu. Problémy trhu rizikového kapitálu.

Enregistré dans:
Détails bibliographiques
Auteur principal: Kopalová, Helena
Format: Chapitre de livre
Langue:tchèque
Sujets:
Tags: Ajouter un tag
Pas de tags, Soyez le premier à ajouter un tag!

MARC

LEADER 00000naa$a2200000$$$4500
001 0014315
005 20221207104952.0
041 0 |a cze 
044 |a SK 
245 1 0 |a Problémy rizikového a rozvojového kapitálu v České republice  |c aut. Helena Kopalová 
520 |a Rizikový a rozvojový kapitál v strednej a východnej Európe. Situácia rizikového kapitálu v Českej republike. Charakteristika trhu rizikového kapitálu. Problémy trhu rizikového kapitálu. 
610 2 0 |a kapitál rizikový 
610 2 0 |a kapitál základný 
610 2 0 |a investície rozvojové 
610 2 0 |a investovanie 
610 2 0 |a trh 
610 2 0 |a SVE 
610 2 0 |a Česko 
100 1 |a Kopalová, Helena